| 000 | 00389nam a22001337a 4500 | ||
|---|---|---|---|
| 008 | 230602b xxu||||| |||| 00| 0 eng d | ||
| 020 | _a996676710 | ||
| 082 |
_a316.6762 _bKNB |
||
| 100 |
_cKenya National Bureau of Statistics, Nairobi _d2007 |
||
| 245 | _aStatistical Abstract 2007 | ||
| 260 |
_aNairobi _bKenya National Bureau of Statistics, Nairobi |
||
| 300 | _axv:313 p | ||
| 942 |
_2ddc _cBK |
||
| 999 |
_c188 _d188 |
||